Alle Titel die Lionel Messi gewinnen konnte - Statistiken

Allgemein
  • Dieses Quiz wurde 601 mal gespielt
    547 seit der letzten Aktualisierung
  • Das Durchschnittsergebnis liegt bei 26 aus 51
Antwortstatistiken
Saison/Jahr Verein Erfolg % Korrekt
2018/2019 FC Barcelona Spanischer Meister
84%
2017/2018 FC Barcelona Spanischer Meister
84%
2015/2016 FC Barcelona Spanischer Meister
84%
2014/2015 FC Barcelona Spanischer Meister
84%
2012/2013 FC Barcelona Spanischer Meister
84%
2010/2011 FC Barcelona Spanischer Meister
84%
2008/2009 FC Barcelona Spanischer Meister
84%
2005/2006 FC Barcelona Spanischer Meister
84%
2004/2005 FC Barcelona Spanischer Meister
84%
2022 Argentinien Weltmeister
84%
2021/2022 Argentinien CONMEBOL UEFA Cup of Champions
81%
2021/2022 Paris Saint Germain Französischer Meister
76%
2014/2015 FC Barcelona UEFA Champions League
70%
2010/2011 FC Barcelona UEFA Champions League
70%
2008/2009 FC Barcelona UEFA Champions League
70%
2005/2006 FC Barcelona UEFA Champions League
70%
2020/2021 Argentinien Copa America
67%
2020/2021 FC Barcelona Spanischer Pokal
60%
2017/2018 FC Barcelona Spanischer Pokal
60%
2016/2017 FC Barcelona Spanischer Pokal
60%
2015/2016 FC Barcelona Spanischer Pokal
60%
2014/2015 FC Barcelona Spanischer Pokal
60%
2011/2012 FC Barcelona Spanischer Pokal
60%
2009/2010 FC Barcelona Spanischer Pokal
60%
2008/2009 FC Barcelona Spanischer Pokal
60%
2021 Paris Saint Germain Ballon D´OR
46%
2019 FC Barcelona Ballon D´OR
46%
2015 FC Barcelona Ballon D´OR
46%
2012 FC Barcelona Ballon D´OR
46%
2011 FC Barcelona Ballon D´OR
46%
2010 FC Barcelona Ballon D´OR
46%
2009 FC Barcelona Ballon D´OR
46%
2008/2009 Argentinien Olympia Olympia Sieger
37%
2015/2016 FC Barcelona UEFA Supercup
34%
2011/2012 FC Barcelona UEFA Supercup
34%
2009/2010 FC Barcelona UEFA Supercup
34%
2005 Argentinien U20 U20 Weltmeister
32%
2018/2019 FC Barcelona Spanischer Superpokal
29%
2016/2017 FC Barcelona Spanischer Superpokal
29%
2013/2014 FC Barcelona Spanischer Superpokal
29%
2011/2012 FC Barcelona Spanischer Superpokal
29%
2010/2011 FC Barcelona Spanischer Superpokal
29%
2009/2010 FC Barcelona Spanischer Superpokal
29%
2006/2007 FC Barcelona Spanischer Superpokal
29%
2005/2006 FC Barcelona Spanischer Superpokal
29%
2015 FC Barcelona FIFA Klub Weltmeister
18%
2011 FC Barcelona FIFA Klub Weltmeister
18%
2009 FC Barcelona FIFA Klub Weltmeister
18%
2019 FC Barcelona Weltfußballer
11%
2009 FC Barcelona Weltfußballer
11%
2022/2023 Paris Saint Germain Französischer Superpokal
5%
Keine übereinstimmenden Quizze gefunden
Verteilung der Resultate
Anzahl Personen mit jedem Resultat
Perzentil nach korrekt beantworteten Fragen
Ihre Resultats-Entwicklung
Sie haben dieses Quiz seit der letzten Aktualisierung nicht gespielt